[Event "FRA-ch U14"]
[Site "Le Grand Bornand"]
[Date "2007.04.??"]
[Round "3"]
[White "Di Nicolantonio, Lucas"]
[Black "Cazeneuve, Thomas"]
[Result "1-0"]
[WhiteElo "1815"]
[BlackElo "1940"]
[PlyCount "68"]
[EventDate "2007.04.07"]
[EventType "swiss"]
[EventRounds "9"]
[EventCountry "FRA"]
[SourceTitle "CBM 118 Extra"]
[Source "ChessBase"]
[SourceDate "2007.07.04"]
[SourceVersion "1"]
[SourceVersionDate "2007.07.04"]
[SourceQuality "1"]

1. e4 e6 2. d4 b6 3. Bd3 Bb7 4. f4 c5 5. c3 Nf6 6. Qe2 Qc7 7. d5 d6 8. c4 exd5 9. cxd5 Nbd7 10. Nc3 a6 11. Nf3 Be7 12. 0-0 0-0 13. a4 Rfe8 14. Bc4 Bf8 15. Qc2 h6 16. Bd2 Nh7 17. Rae1 Rad8 18. e5 g6 19. e6 Ndf6 20. f5 g5 21. Qd3 Ra8 22. Ne4 Bg7 23. Bc3 Nxe4 24. Bxg7 Kxg7 25. Rxe4 f6 26. Rfe1 Re7 27. h4 Qc8 28. Qb3 Qc7 29. Rd1 Kf8 30. Qc3 Kg7 31. hxg5 Nxg5 32. Rg4 Rf8 33. Nxg5 hxg5 34. Rxg5+ Kh7 1-0